Líc a rub : román z cyklu Kultura /
Líc a rub je pátý román série Kultura od fenomenálního autora fantastiky Iaina M. Bankse.
Uloženo v:
| Série: | Kultura,
část 6 |
|---|---|
| Hlavní autor: | |
| Další autoři: | |
| Médium: | E-kniha |
| Jazyk: | Czech |
| Vydáno: |
Praha :
Planeta9,
2026
|
| Vydání: | Vydání druhé, na Planetě9 první |
| Témata: | |
| Příbuzné jednotky: | Z cyklu::
Kultura |
| Tagy: |
Žádné tagy |
| LEADER | 02919nam a2200481 i 4500 | ||
|---|---|---|---|
| 001 | 313625 | ||
| 003 | CZ PrSKC | ||
| 005 | 20260604062720.0 | ||
| 007 | ta | ||
| 008 | 260420s2026 xr g 000 f cze | ||
| 015 | |a cnb003751577 | ||
| 020 | |a 9788088626527 |q (brožováno) | ||
| 040 | |a ABG001 |b cze |d ABA001 |e rda | ||
| 041 | 1 | |a cze |h eng | |
| 072 | 7 | |a 821.111-3 |x Anglická próza, anglicky psaná |2 Konspekt | |
| 080 | |a 821.111(410.5)-31 |2 MRF | ||
| 080 | |a (0:82-311.9) |2 MRF | ||
| 080 | |a (0:82-312.9) |2 MRF | ||
| 100 | 1 | |a Banks, Iain, |d 1954-2013 |7 jo20010090062 |4 aut | |
| 240 | 1 | 0 | |a Inversions. |l Česky |
| 245 | 1 | 0 | |a Líc a rub : |b román z cyklu Kultura / |c Iain M. Banks ; přeložil Viktor Janiš |
| 250 | |a Vydání druhé, na Planetě9 první | ||
| 264 | 1 | |a Praha : |b Planeta9, |c 2026 | |
| 300 | |a 395 stran ; |c 20 cm | ||
| 336 | |a text |b txt |2 rdacontent | ||
| 337 | |a bez média |b n |2 rdamedia | ||
| 338 | |a svazek |b nc |2 rdacarrier | ||
| 500 | |a Přeloženo z angličtiny | ||
| 520 | 2 | |a Líc a rub je pátý román série Kultura od fenomenálního autora fantastiky Iaina M. Bankse. |b Před mnoha lety obloha dštila kamení a oheň a takový nápor staré impérium nevydrželo. Země, které se vymanily z jeho svazující hegemonie, mají nastolit nový světový pořádek. Zvláště dva lidé vidí tento proces v širších souvislostech. V zimním paláci má králova nová lékařka více nepřátel, než si zprvu uvědomuje: Její protivníci ovšem nevědí, že nemá ve svém arzenálu jen léky... V jiném paláci za horami má ve službách královraha protektora jeho hlavní tělesný strážce také své nepřátele. Ti ale dokážou udeřit mnohem rychleji a on s nimi bojuje mnohem tradičnějšími prostředky. Kniha je příběhem dvou příběhů. Oba spějí k dramatickému vyvrcholení, oba jsou spolu spjaty víc, než hrdinové tuší, a oběma je společným jmenovatelem klam, láska a zrada. Nakladatelská anotace. | |
| 655 | 7 | |a skotské romány (anglicky) |7 fd133439 |2 czenas | |
| 655 | 7 | |a vědecko-fantastické romány |7 fd133847 |2 czenas | |
| 655 | 7 | |a fantasy romány |7 fd184199 |2 czenas | |
| 655 | 9 | |a Scottish fiction (English) |2 eczenas | |
| 655 | 9 | |a science fiction novels |2 eczenas | |
| 655 | 9 | |a fantasy novels |2 eczenas | |
| 700 | 1 | |a Janiš, Viktor, |d 1974- |7 jn20010309502 |4 trl | |
| 710 | 2 | |a Planeta9 (nakladatelství) |7 xx0344401 |4 pbl | |
| 787 | 0 | 8 | |i Z cyklu: |t Kultura |g 6 |
| 900 | |a ABA001 |b 20 | ||
| 044 | |a xr | ||
| 910 | |a RBIT002 | ||
| 998 | |d 427601 |a https://core.palmknihy.cz/api/books/427601/cover?tg1yx8 |b https://core.palmknihy.cz/api/books/427601/cover/400?tg1yx8 |c https://core.palmknihy.cz/api/books/427601/cover/50?tg1yx8 |e |g 400 |i 9788088626527 |j https://core.palmknihy.cz/api/books/427601/preview.epub |k https://core.palmknihy.cz/api/books/427601/preview.pdf |l |q 49 |r 1 |s https://www.palmknihy.cz/kniha/427601 |t ebook |y 2026 |z 0 |v Kultura |w 5 | ||
| 999 | |d 313623 | ||